Normal view
MARC view
Entry Término temático
Number of records used in: 112
001 - NÚMERO DE CONTROL
- campo de control: 7940
003 - IDENTIFICADOR DEL NÚMERO DE CONTROL
- campo de control: OSt
005 - FECHA Y HORA DE LA ÚLTIMA TRANSACCIÓN
- campo de control: 20200615032209.0
008 - DATOS DE LONGITUD FIJA
- campo de control de longitud fija: 200615|| aca||aabn | a|a d
040 ## - FUENTE DE LA CATALOGACIÓN
- Centro catalogador/agencia de origen: OSt
- Centro/agencia transcriptor: OSt
150 ## - ENCABEZAMIENTO--TÉRMINO DE MATERIA
- Término de materia o nombre geográfico como elemento de entrada: PRESUPUESTO
- Subdivisión geográfica: REPÚBLICA DOMINICANA
670 ## - FUENTE DE DATOS ENCONTRADOS
- Cita de la fuente: Work cat.: (OSt)2364: República Dominicana. Secretaría de Estado de Finanzas. Programa de Administración Financiera Integrada 7938, Modelo conceptual sistema integrado de gestión financiera., 2002.
